Técnicas de aprovechamiento de especies vegetales presentes en las áreas rurales del Distrito Capital / (Registro nro. 18839)
[ vista simple ]
| 000 -CABECERA | |
|---|---|
| Campo de control | 01159nam a22002777a 4500 |
| 005 - FECHA Y HORA DE LA ULTIMA TRANSACCION | |
| Campo de control | 20191224042303.0 |
| 008 - ELEMENTOS DE LONGITUD FIJA—INFORMACION GENERAL | |
| Campo de control | 160627s2013 ck ado||r|||| 00| 0 spa d |
| 020 ## - ISBN | |
| ISBN | 9789588576145 |
| 040 ## - FUENTE DE CATALOGACIÓN | |
| Agencia catalogadora original | CO-BoIAVH |
| Agencia transcriptora | CO-BoIAVH |
| 041 0# - IDIOMA | |
| Código de idioma para texto/pista de sonido o título separado | Español |
| 044 ## - PAÍS DE PUBLICACIÓN | |
| País de publicación | Colombia |
| 082 04 - NUMERO DE CLASIFICACION DECIMAL DEWEY | |
| Número de clasificación | 641.303 |
| Número del ítem | C83t |
| 100 1# - ASIENTO PRINCIPAL--NOMBRE PERSONAL | |
| Nombre personal | Corzo Barragán, Diana Carolina |
| Término relacionado | autora |
| 9 (RLIN) | 72340 |
| 245 10 - MENCION DE TITULO | |
| Título | Técnicas de aprovechamiento de especies vegetales presentes en las áreas rurales del Distrito Capital / |
| Mención de responsabilidad | Diana Carolina Corzo Barragán y María Eugenia Torres Cárcamo |
| 260 ## - PUBLICACION, DISTRIBUCION, ETC. (PIE DE IMPRENTA) | |
| Lugar de publicación, distribución, etc. | Bogotá, Colombia : |
| Nombre del editor, distribuidor, etc. | Jardín Botánico José Celestino Mutis, |
| Fecha de publicación, distribución, etc. | 2013. |
| 300 ## - DESCRIPCION FISICA | |
| Extensión | 125 páginas : |
| Otros detalles físicos | ilustraciones a color, tablas y fotografías a color ; |
| Dimensiones | 22 x 28 cm. |
| 504 ## - NOTA DE BIBLIOGRAFIA, ETC. | |
| Nota de bibliografía | Incluye referencias bibliográficas. |
| 650 26 - ASIENTO SECUNDARIO DE MATERIA - TERMINO TEMATICO | |
| Término temático o nombre geográfico como elemento de entrada | Tecnología de alimentos |
| 9 (RLIN) | 72344 |
| 650 26 - ASIENTO SECUNDARIO DE MATERIA - TERMINO TEMATICO | |
| Término temático o nombre geográfico como elemento de entrada | Procesamiento de alimentos |
| 9 (RLIN) | 19520 |
| 650 26 - ASIENTO SECUNDARIO DE MATERIA - TERMINO TEMATICO | |
| Término temático o nombre geográfico como elemento de entrada | Productos derivados de las frutas |
| 9 (RLIN) | 72336 |
| 650 26 - ASIENTO SECUNDARIO DE MATERIA - TERMINO TEMATICO | |
| Término temático o nombre geográfico como elemento de entrada | Recursos alimentarios |
| 9 (RLIN) | 72337 |
| 650 26 - ASIENTO SECUNDARIO DE MATERIA - TERMINO TEMATICO | |
| Término temático o nombre geográfico como elemento de entrada | Productos vegetales procesados |
| 9 (RLIN) | 72338 |
| 650 26 - ASIENTO SECUNDARIO DE MATERIA - TERMINO TEMATICO | |
| Término temático o nombre geográfico como elemento de entrada | Productos no alimentarios |
| 9 (RLIN) | 72339 |
| 700 1# - ASIENTO SECUNDARIO - NOMBRE PERSONAL | |
| Nombre personal | Torres Cárcamo, María Eugenia |
| Término de relación | autora |
| 9 (RLIN) | 72343 |
| 942 ## - ELEMENTOS ADICIONALES (KOHA) | |
| Sistema de clasificación | Dewey Decimal Classification |
| Tipo de ítem | Libro |
| Withdrawn status | Lost status | Sistema de Clasificación | Damaged status | No para préstamo | Colección | Inventariado | Ubicación Permanente | Ubicación actual | Fecha de adquisición | Fuente de Valor | Valor | Total Checkouts | Número topográfico | Inventario / Código de Barras | Date last seen | Ejemplar | Price effective from | Forma de adquisición | Tipo de material |
|---|---|---|---|---|---|---|---|---|---|---|---|---|---|---|---|---|---|---|---|
| Dewey Decimal Classification | General | Inventariado 2017 | Bogotá | Bogotá | 27/06/2016 | Instituto | 39000.00 | LB-641.303 C83t | 040516 | 27/06/2016 | Ej. 1 | 27/06/2016 | Donación | Libro | |||||
| Dewey Decimal Classification | General | Inventariado 2017 | Sala Fabio Quevedo | Sala Fabio Quevedo | 19/09/2016 | Instituto | 39000.00 | LB-641.303 C83t | 040701 | 19/09/2016 | Ej. 2 | 19/09/2016 | Donación | Libro |